|
|
|
|
| LEADER |
00000nab a2200000 a 4500 |
| 001 |
vtls000653880 |
| 003 |
SK-MaSNL |
| 005 |
20260304015731.0 |
| 008 |
180206c1998 xo 0 slo |
| 015 |
|
|
|a SNBRA1998/02-05386
|
| 035 |
|
|
|a CLN000006073
|
| 040 |
|
|
|a SNKBUCL
|b slo
|c SNKBUCL
|e AACR2
|
| 041 |
0 |
|
|a slo
|
| 044 |
|
|
|a xo
|c SK
|
| 080 |
|
|
|a 328.1(437.6):061.3
|2 UDC-MRF-SK2
|
| 080 |
|
|
|a 342.538(437.6)
|2 UDC-MRF-SK2
|
| 100 |
0 |
|
|a sp
|4 aut
|9 838742
|
| 245 |
1 |
0 |
|a Poslanci odmietli zaradiť na schôdzu NR SR návrh zákona o používaní jazyka národnostných menšín
|c [autori] sp, pt
|
| 610 |
1 |
7 |
|a Slovensko.
|b Národná rada
|2 snkbucl
|9 165573
|
| 655 |
|
7 |
|a články z novín a časopisov
|2 snkbucl
|9 267496
|
| 700 |
0 |
|
|a pt
|4 aut
|9 847018
|
| 773 |
0 |
|
|t Sme
|g Roč. 6 a 51, č. 28 (4.2.1998), s. 1-2
|
| 850 |
|
|
|a Slovenská národná knižnica v Martine
|
| 852 |
|
|
|a SNK
|b KIS3GCP
|
| 958 |
|
|
|a RBX
|
| 999 |
|
|
|c 2593704
|d 2595634
|